| 000 -LEADER |
| fixed length control field |
01562nam a2200325 a 4500 |
| 001 - CONTROL NUMBER |
| control field |
ASIN1107600324 |
| 005 - DATE AND TIME OF LATEST TRANSACTION |
| control field |
20170105102930.0 |
| 008 - FIXED-LENGTH DATA ELEMENTS--GENERAL INFORMATION |
| fixed length control field |
140210s2011 xxu eng d |
| 020 ## - INTERNATIONAL STANDARD BOOK NUMBER |
| International Standard Book Number |
1107600324 (paperback) |
| Terms of availability |
$35.99 |
| 020 ## - INTERNATIONAL STANDARD BOOK NUMBER |
| International Standard Book Number |
9781107600324 (paperback) |
| 040 ## - CATALOGING SOURCE |
| Original cataloging agency |
0 |
| 050 04 - LIBRARY OF CONGRESS CALL NUMBER |
| Classification number |
KZ6475 |
| 082 04 - DEWEY DECIMAL CLASSIFICATION NUMBER |
| Classification number |
341.67 |
| Author Mark |
KAL 2011 |
| 100 1# - MAIN ENTRY--PERSONAL NAME |
| Personal name |
Kalshoven, Frits. |
| 245 10 - TITLE STATEMENT |
| Title |
Constraints on the waging of war : |
| Remainder of title |
an introduction to international humanitarian law / |
| Statement of responsibility, etc. |
Frits Kalshoven, Liesbeth Zegveld. |
| 250 ## - EDITION STATEMENT |
| Edition statement |
4th ed. |
| 260 ## - PUBLICATION, DISTRIBUTION, ETC. |
| Place of publication, distribution, etc. |
[S.l.] : |
| Name of publisher, distributor, etc. |
Cambridge University Press, |
| Date of publication, distribution, etc. |
2011. |
| 300 ## - PHYSICAL DESCRIPTION |
| Extent |
306 p. ; |
| Dimensions |
23 cm. |
| 520 ## - SUMMARY, ETC. |
| Summary, etc. |
This fully revised fourth edition of Constraints on the Waging of War considers the development of the principal rules of international humanitarian law from their origins to the present day. Of particular focus are the rules governing weapons and the legal instruments through which respect for the law can be enforced. Combining theory and actual practice, this book appeals to specialists as well as to students turning to the subject for the first time. |
| 650 #0 - SUBJECT ADDED ENTRY--TOPICAL TERM |
| Topical term or geographic name entry element |
Combatants and noncombatants (International law) |
| 650 #0 - SUBJECT ADDED ENTRY--TOPICAL TERM |
| Topical term or geographic name entry element |
Geneva Conventions (1949) |
| 650 #0 - SUBJECT ADDED ENTRY--TOPICAL TERM |
| Topical term or geographic name entry element |
Humanitarian law |
| 650 #0 - SUBJECT ADDED ENTRY--TOPICAL TERM |
| Topical term or geographic name entry element |
International relations |
| 650 #0 - SUBJECT ADDED ENTRY--TOPICAL TERM |
| Topical term or geographic name entry element |
War (International law) |
| 650 #0 - SUBJECT ADDED ENTRY--TOPICAL TERM |
| Topical term or geographic name entry element |
War victims--Legal status, laws, etc |
| 650 #0 - SUBJECT ADDED ENTRY--TOPICAL TERM |
| Topical term or geographic name entry element |
Weapons--Law and legislation |
| 700 1# - ADDED ENTRY--PERSONAL NAME |
| Personal name |
Zegveld, Liesbeth. |
| 856 40 - ELECTRONIC LOCATION AND ACCESS |
| Materials specified |
Amazon.com |
| Uniform Resource Identifier |
<a href="http://www.amazon.com/exec/obidos/ASIN/1107600324/chopaconline-20">http://www.amazon.com/exec/obidos/ASIN/1107600324/chopaconline-20</a> |
| 942 ## - ADDED ENTRY ELEMENTS (KOHA) |
| Source of classification or shelving scheme |
|
| Koha item type |
Book |